000 01091nam a22003497a 4500
003 CHAP
005 20220817044506.0
008 111021s2007 it r 00010 eng d
010 _a102422
011 _a103394
020 _a9789251056585
035 _a114083
040 _cCHAP
082 1 0 _a639.2
_bF46y v.812
110 2 _aFAO
245 1 0 _aReport of the session of the Advisory Committee on Fisheries Research
_c/por FAO
260 _aRome :
_bFAO,
_c2007
300 _av, 21 p.
490 0 _aFAO. Informe de pesca
_v; 812
500 _aRome, 17-20 October 2006
590 _aBATCH-UPD
_b10
_c20130110
_lUCH01
_h1045
590 _aBATCH-UPD
_b10
_c20130410
_lUCH01
_h0644
590 _aBATCH-UPD
_b10
_c20130914
_lUCH01
_h1350
590 _aCONVERSION
_b10
_c20130109
_lUCH01
_h1356
650 1 4 _aAcuicultura.
_9758
650 1 4 _aInvestigación.
_960221
650 1 4 _aPesca
_xInvestigación.
_987391
830 0 _aFAO. Informe de pesca
_v; 812
_939587
901 _aBK
942 _cLIBRO
949 _a639.2 F46y v.812
_bBC
_cFAO
_d33724002087116
_eFAO1
_gDonaciØn
_h115997
_i114083
_sb
999 _c102422
_d102422